| 000 | 00669nam a2200229Ia 4500 | ||
|---|---|---|---|
| 003 | OSt | ||
| 005 | 20220927104507.0 | ||
| 006 | a|||||r|||| 00| 0 | ||
| 007 | ta | ||
| 008 | 220926b |||||||| |||| 00| 0 eng d | ||
| 024 | _a147688 | ||
| 037 | _cReference Collections | ||
| 040 |
_aRTL _cRTL _beng |
||
| 041 |
_2eng _aeng |
||
| 082 | _a"X71.1-1.N5, J2/UN" | ||
| 110 | _a"UNITED NATIONS, ECONOMIC AFFAIRS (Deptt of-)" | ||
| 245 | 0 | _aGovernment accounting and Budget execution | |
| 260 | _c1952 | ||
| 700 | _a"UNITED NATIONS, ECONOMIC AFFAIRS (Deptt of-)" | ||
| 942 |
_h"X71.1-1.N5, J2/UN" _cCC |
||
| 999 |
_c687724 _d687724 |
||